Southville International School and Colleges
Your cart is empty.
  • Cart
  • Lists
    Public lists Eva Luna New books Lux_list list_1
    Your lists Log in to create your own lists
  • Log in to your account
  • Your cookies
  • Search history
Southville International School and Colleges
  • Advanced search
  • Recent comments
  • Most popular
  • Libraries

Log in to your account

Log in with GOOGLE


If you do not have an external account, but do have a local account, you can still log in:

  1. Home
  2. MARC view: Emotional intelligence /
Normal view MARC view ISBD view

Emotional intelligence / (Record no. 8490)

[ view plain ]
MARC details
000 -LEADER
fixed length control field 00510nam a22001937a 4500
003 - CONTROL NUMBER IDENTIFIER
control field OSt
005 - DATE AND TIME OF LATEST TRANSACTION
control field 20140310182027.0
008 - FIXED-LENGTH DATA ELEMENTS--GENERAL INFORMATION
fixed length control field 130814t xxu||||| |||| 00| 0 eng d
020 ## - INTERNATIONAL STANDARD BOOK NUMBER
International Standard Book Number 055384007
050 ## - LIBRARY OF CONGRESS CALL NUMBER
Classification number BF 561
Item number .G625 1996
082 ## - DEWEY DECIMAL CLASSIFICATION NUMBER
Classification number HS 152.4
Item number G56 1994
100 ## - MAIN ENTRY--PERSONAL NAME
Personal name Goleman, Daniel
9 (RLIN) 5989
245 ## - TITLE STATEMENT
Title Emotional intelligence /
Statement of responsibility, etc Daniel Goleman.
260 ## - PUBLICATION, DISTRIBUTION, ETC. (IMPRINT)
Place of publication, distribution, etc New York :
Name of publisher, distributor, etc Bantam Books,
Date of publication, distribution, etc c1996.
300 ## - PHYSICAL DESCRIPTION
Extent 413 p. :
Dimensions 18 cm.
500 ## - GENERAL NOTE
General note Includes Index.
942 ## - ADDED ENTRY ELEMENTS (KOHA)
Source of classification or shelving scheme Library of Congress Classification
Koha item type
Call number prefix
Holdings
Withdrawn status Lost status Source of classification or shelving scheme Damaged status Home library Current library Shelving location Date acquired Total Checkouts Full call number Barcode Date last seen Date checked out Copy number Price effective from Koha item type
    Library of Congress Classification   Luxembourg Library Luxembourg Library High School Section 08/14/2013 2 BF 561 .G625 1996 0990 01/29/2020 01/27/2020 1 08/14/2013 Books

Emotional intelligence /

APA

Goleman D., . (1996). Emotional intelligence. New York: Bantam Books.

Chicago

Goleman Daniel, . 1996. Emotional intelligence. New York: Bantam Books.

Harvard

Goleman D., . (1996). Emotional intelligence. New York: Bantam Books.

MLA

Goleman Daniel, . Emotional intelligence. New York: Bantam Books. 1996.

  • Place hold
  • Print
  • Cite
  • Add to your cart (remove)
  • Save record
    BIBTEX Dublin Core MARCXML MARC (non-Unicode/MARC-8) MARC (Unicode/UTF-8) MARC (Unicode/UTF-8, Standard) MODS (XML) RIS
  • More searches
    Search for this title in:
    Other Libraries (WorldCat) Other Databases (Google Scholar) Online Stores (Bookfinder.com) Open Library (openlibrary.org)

Exporting to Dublin Core...

SOUTHVILLE LIBRARY

Southville International School and Colleges Library

1281 Tropical Ave. Cor. Luxembourg St., BF Homes International, Las Pinas City

Tel. No. 8256374 / 252358 Loc. 117/146

Powered by Koha